000 00339nam a2200133 i 4500
001 bg
100 1 _aPETROSJANC-ANDRANIK, M.
245 0 _aWspółczesne problemy atomistyki w ZSRR /
_cM. Petrosjanc-Andranik.
260 _aWarszawa,
_c1980.
040 _cBPK
041 _apol
942 _cKS
008 s pl f |000 0 pol
999 _c21589
_d21589
856 _uhttp://koha.tu.koszalin.pl/cgi-bin/koha/opac-detail.pl?biblionumber=21589
_yKatalog online BPK